Ochrana pred výbuchmi horľavých plynov prostredníctvom výpočtovej techniky

Bibliographic Details
Main Author: Skarba, Dušan (Author)
Format: Article
Language:Slovak
PhysicalDescription:Grafy 4. Res. angl., rus., lit. 7 zázn. v angl.
Subjects:

MARC

LEADER 00000nab a2200000 a 4500
001 vtls000416343
003 SK-MaSNL
005 20260303223903.0
008 230120c1991 xo 0 slo
015 |a SNBRB19rr/mm-uuuuu 
035 |a CL0416468 
035 |a urn:nbn:sk:snk-abamog 
035 |a (urnnbn)urn:nbn:sk:snk:ar-a0al65 
035 |a (uuid)4d313d46-737d-4934-9283-a24d937fb563 
040 |a SNKBUCL  |b slo  |c SNKBUCL  |e AACR2 
041 0 |a slo 
044 |a xo  |c SK 
080 |a 661.91  |2 1981 
080 |a 614.83  |2 1981 
100 1 |a Skarba, Dušan  |4 aut  |9 735220 
245 1 0 |a Ochrana pred výbuchmi horľavých plynov prostredníctvom výpočtovej techniky  |c Dušan Skarba 
300 |b Grafy 4. Res. angl., rus., lit. 7 zázn. v angl. 
650 0 7 |a plyny horľavé  |2 snkbucl  |9 1000885 
650 0 7 |a horenie explozívne  |2 snkbucl  |9 1258981 
650 0 7 |a vlny nárazové  |2 snkbucl  |9 1184553 
650 0 7 |a detonácie  |2 snkbucl  |9 1258982 
650 0 7 |a výpočtová technika  |2 snkbucl  |9 1126 
655 7 |a články z novín a časopisov  |2 snkbucl  |9 267496 
773 0 |t Bezpečná práca  |g Roč. 22, č. 2 (1991), s. 67-72 
850 |a Slovenská národná knižnica v Martine  |a MTA001 
852 |a SNK  |b KIS3GCP 
954 |a odborná, vedecká literatúra pôvodná (slovenská)  |2 lita 
958 |a RK 
958 |a MI 
958 |a OND 
958 |a EUIPO 
958 |a article14 
992 |a RBX 
999 |c 2249713  |d 2251643